Enfrentando la pobreza : microfinanzas en la Argentina, la experiencia de la Fundación Grameen /

Gespeichert in:
Bibliographische Detailangaben
1. Verfasser: Kleiman, Norberto
Weitere Verfasser: Lomoro, Horacio
Format: Text
Tags: Tag hinzufügen
Keine Tags, Fügen Sie den ersten Tag hinzu!

MARC

LEADER 00000 a a2200000 04500
001 43359
003
040
100 |a Kleiman, Norberto  
245 |a Enfrentando la pobreza :   |b microfinanzas en la Argentina, la experiencia de la Fundación Grameen /  |c Norberto Kleiman ; Horacio Lomoro  
700 |a Lomoro, Horacio  
773 |g páginas 201-235  
999 |c 33308  |d 33308